[Event "17e tournoi de Noël"]
[Site "Montigny le Bretonneux"]
[Date "2016.12.30"]
[Round "7.9"]
[White "Nguyen, Hai Long"]
[Black "Coquelin, Jonathan"]
[Result "1/2-1/2"]
[WhiteElo "1567"]
[BlackElo "1439"]
[Annotator "Rivier,Sylvain"]
[PlyCount "127"]
[EventDate "2016.??.??"]

{Gambit dame, défense Cambridge-Springs} 1. d4 Nf6 2. c4 e6 3. Nf3 d5 4. Nc3
Bb4 5. Bg5 c6 6. e3 Nbd7 7. Bd3 dxc4 8. Bxc4 Qa5 9. O-O Bxc3 10. bxc3 Qxc3 11.
Bd3 O-O 12. Qe2 Nd5 13. Rac1 Qa3 14. e4 Nb4 15. Bc4 b5 16. Bb3 Re8 17. Bf4 Na6
18. Rxc6 Qa5 19. Bd6 Bb7 20. Rcc1 Rac8 21. h3 Nf6 22. Nd2 Red8 23. e5 Nd5 24.
Ne4 b4 25. Qh5 Nf4 26. Qg4 Nxh3+ 27. gxh3 Bxe4 28. Qxe4 Rc3 29. Rxc3 bxc3 30.
Rc1 Rc8 31. Qb7 Qd8 32. Be7 Nc5 33. Bxd8 Nxb7 34. Be7 Na5 35. Bb4 Nxb3 36. axb3
c2 37. Kf1 Rb8 38. Rxc2 h6 39. Rc3 Rxb4 40. Rd3 Rb5 41. Kg2 g5 42. Kg3 Kg7 43.
f3 Kg6 44. Rc3 a5 45. h4 Rb4 46. hxg5 hxg5 47. Rd3 Kf5 48. Kf2 Kf4 49. Ke2 a4
50. bxa4 Rxa4 51. Rd2 Kg3 52. Rd1 Ra2+ 53. Ke3 Ra3+ 54. Ke4 Rxf3 55. Rg1+ Kf2
56. Rxg5 Re3+ 57. Kf4 Ke2 58. Rg1 Kd2 59. Rd1+ Ke2 60. Re1+ Kxe1 61. Kxe3 Kd1
62. Ke4 Ke2 63. d5 exd5+ 64. Kxd5 1/2-1/2

[Event "17e tournoi de Noël"]
[Site "Montigny le Bretonneux"]
[Date "2016.12.30"]
[Round "7.10"]
[White "Benahmed, Faycal"]
[Black "Artieres, Michel"]
[Result "1-0"]
[WhiteElo "1525"]
[BlackElo "1783"]
[Annotator "Rivier,Sylvain"]
[PlyCount "67"]
[EventDate "2016.??.??"]

{Défense vieille indienne, variante ukrainienne} 1. c4 Nf6 2. Nf3 d6 3. d4 Nbd7
4. Nc3 e5 5. dxe5 dxe5 6. e3 c6 7. b3 Qc7 8. Bb2 Bd6 9. Bd3 Nc5 10. Bc2 Bg4 11.
h3 Bh5 12. Qd2 O-O-O 13. Bf5+ Kb8 14. O-O-O e4 15. g4 exf3 16. gxh5 Nxh5 17.
Bg4 Nf6 18. Bxf3 Be5 19. Qc2 Nfd7 20. Rhg1 Bf6 21. Kb1 Ne5 22. Be2 Ng6 23. b4
Nd7 24. Bg4 Nde5 25. Be2 Be7 26. f4 Nd7 27. a3 Bf6 28. Bg4 Nb6 29. Be2 Rhe8 30.
Rxd8+ Qxd8 31. f5 Nh4 32. e4 Qd4 33. Rd1 Qxe4 34. Nxe4 1-0

[Event "17e tournoi de Noël"]
[Site "Montigny le Bretonneux"]
[Date "2016.12.30"]
[Round "7.11"]
[White "Plantet, Marc"]
[Black "Benbakir, Ameur"]
[Result "1-0"]
[WhiteElo "1745"]
[BlackElo "1495"]
[Annotator "Rivier,Sylvain"]
[PlyCount "71"]
[EventDate "2016.??.??"]

{Défense sicilienne, variante Rossolimo} 1. e4 c5 2. Nf3 Nc6 3. Bb5 Qc7 4. O-O
a6 5. Bxc6 Qxc6 6. d4 d6 7. e5 Bg4 8. d5 Qc7 9. e6 fxe6 10. dxe6 Qc6 11. Re1
Bxf3 12. gxf3 g6 13. Nc3 Nf6 14. Bg5 Bg7 15. Qd2 Qxf3 16. Re3 Qg4+ 17. Rg3 Qxe6
18. Re1 Qf7 19. Qxd6 Rd8 20. Qxc5 O-O 21. Rxe7 Rc8 22. Rxf7 Rxc5 23. Rxf8+ Kxf8
24. Rf3 Kf7 25. Ne4 Rc6 26. c4 h6 27. Bxf6 Bxf6 28. Kf1 g5 29. b4 Kg6 30. Rxf6+
Rxf6 31. Nxf6 Kxf6 32. Ke2 Ke5 33. Ke3 g4 34. a4 h5 35. a5 h4 36. b5 1-0

[Event "17e tournoi de Noël"]
[Site "Montigny le Bretonneux"]
[Date "2016.12.30"]
[Round "7.12"]
[White "Ider, Ariuna"]
[Black "Ider, Jargalan"]
[Result "1/2-1/2"]
[WhiteElo "1119"]
[BlackElo "1537"]
[Annotator "Rivier,Sylvain"]
[PlyCount "174"]
[EventDate "2016.??.??"]

{Partie du pion dame} 1. d4 e6 2. Bf4 d5 3. Nf3 Nf6 4. e3 c5 5. c3 Qb6 6. Qc2
Nc6 7. Be2 Bd7 8. O-O Rc8 9. Rd1 cxd4 10. exd4 Ne4 11. a3 Be7 12. Nbd2 Nxd4 13.
Nxd4 Qxd4 14. Nxe4 Qxe4 15. Qxe4 dxe4 16. Be3 Ba4 17. Rd4 Bc6 18. Rad1 O-O 19.
Kh1 Bc5 20. Rc4 Bxe3 21. fxe3 Rfd8 22. Rf1 Kf8 23. Bg4 Kg8 24. Rd1 Kf8 25. b3
Rxd1+ 26. Bxd1 Rd8 27. Bc2 g6 28. h3 Rd2 29. Bxe4 Bxe4 30. Rxe4 Rd3 31. Rb4 b6
32. c4 Rxe3 33. Rb5 Re1+ 34. Kh2 Ra1 35. a4 Ke7 36. Kg3 Kd6 37. Rb4 Ra3 38. Kf4
Ra2 39. g3 h6 40. Ke4 Re2+ 41. Kf3 Re5 42. Rb5 Rxb5 43. axb5 Kc5 44. Ke4 f6 45.
Kd3 Kb4 46. Kc2 f5 47. Kb2 Kc5 48. Kc3 e5 49. b4+ Kd6 50. Kd3 f4 51. gxf4 exf4
52. Kd4 g5 53. c5+ bxc5+ 54. bxc5+ Kc7 55. c6 h5 56. Kd3 Kb6 57. Ke4 Kc7 58.
Kd3 Kd6 59. Ke4 Kc7 60. Kd3 Kb6 61. Ke4 Kc7 62. Kd3 Kd6 63. Ke4 Kc7 64. Kf3 Kb6
65. Kf2 Kc7 66. Ke2 Kd6 67. Kf3 Kc7 68. Ke2 Kb6 69. Kf2 Kc7 70. Kf1 Kd6 71. Kg1
Kc7 72. Kf2 Kb6 73. Kf3 Kc7 74. h4 Kd6 75. hxg5 Ke5 76. Kf2 Kf5 77. Kf3 Kxg5
78. Kf2 Kg4 79. c7 h4 80. Kf1 Kg3 81. Kg1 f3 82. c8=Q h3 83. Qd7 h2+ 84. Kh1 f2
85. Qg7+ Kh3 86. Qg1 fxg1=B 87. b6 Bxb6 1/2-1/2

[Event "17e tournoi de Noël"]
[Site "Montigny le Bretonneux"]
[Date "2016.12.30"]
[Round "7.13"]
[White "Barthere, Gilles"]
[Black "Sondermeijer, Antoine"]
[Result "1-0"]
[WhiteElo "1509"]
[BlackElo "1399"]
[Annotator "Rivier,Sylvain"]
[PlyCount "69"]
[EventDate "2016.??.??"]

{Défense sicilienne, variante du dragon} 1. e4 c5 2. Nf3 d6 3. d4 cxd4 4. Nxd4
Nf6 5. Nc3 g6 6. Bg5 Bg7 7. Qd2 Nc6 8. Bb5 Bd7 9. Be3 Ng4 10. Nde2 Nxe3 11.
Qxe3 O-O 12. O-O-O a6 13. Bxc6 bxc6 14. f4 Bh6 15. h3 e5 16. Rxd6 exf4 17. Nxf4
Qe7 18. Rhd1 Qe5 19. Nce2 Be6 20. Kb1 Bg7 21. c3 Bf5 22. Ng3 Bh6 23. Nxg6 Bxe3
24. Nxe5 Bf4 25. Nxf5 Bxe5 26. Rxc6 a5 27. Rd5 Rfc8 28. Kc2 a4 29. Rb6 Ra7 30.
Kd3 f6 31. Rbb5 h5 32. Nh4 Kf7 33. Nf3 Bf4 34. Rxh5 Rg8 35. Rh7+ 1-0

[Event "17e tournoi de Noël"]
[Site "Montigny le Bretonneux"]
[Date "2016.12.30"]
[Round "7.14"]
[White "Fruchard, Alois"]
[Black "Bouloc, Roger"]
[Result "1/2-1/2"]
[WhiteElo "1174"]
[BlackElo "1413"]
[Annotator "Rivier,Sylvain"]
[PlyCount "93"]
[EventDate "2016.??.??"]

{Gambit dame} 1. d4 d5 2. c4 e6 3. Nc3 Nf6 4. Nf3 Be7 5. e3 O-O 6. Be2 Nbd7 7.
O-O b6 8. Re1 c5 9. cxd5 exd5 10. Bd3 a5 11. e4 dxe4 12. Nxe4 Bb7 13. b3 Re8
14. Bb2 h6 15. Rc1 Nxe4 16. Bxe4 Bxe4 17. Rxe4 Bf6 18. Rxe8+ Qxe8 19. Qc2 Qf8
20. Ba3 Rc8 21. h3 Qd6 22. Qd3 Qd5 23. Bb2 Ne5 24. Nxe5 Bxe5 25. Qe3 Bf6 26. f4
Rd8 27. Rd1 Bxd4 28. Bxd4 cxd4 29. Qd3 f5 30. Kh2 Qe4 31. Kg3 Qxd3+ 32. Rxd3 g5
33. Kf3 Kf7 34. g4 Kf6 35. Kg3 Rd5 36. h4 fxg4 37. hxg5+ hxg5 38. Kxg4 gxf4 39.
Kxf4 Ke6 40. Ke4 b5 41. Rxd4 Rxd4+ 42. Kxd4 Kd6 43. a4 Kc6 44. axb5+ Kxb5 45.
Kc3 Kc5 46. Kb2 Kb4 47. Ka2 1/2-1/2

[Event "17e tournoi de Noël"]
[Site "Montigny le Bretonneux"]
[Date "2016.12.30"]
[Round "7.15"]
[White "Jen, Jin-Xian-Koki"]
[Black "Longbien, Dominique"]
[Result "0-1"]
[WhiteElo "1302"]
[BlackElo "1513"]
[Annotator "Rivier,Sylvain"]
[PlyCount "64"]
[EventDate "2016.??.??"]

{Partie italienne} 1. e4 e5 2. Nf3 Nc6 3. Nc3 Bc5 4. Bc4 Nge7 5. Ng5 d5 6. exd5
Nxd5 7. Nge4 Nxc3 8. bxc3 Bb6 9. d3 Na5 10. Bb3 Nxb3 11. axb3 O-O 12. O-O h6
13. Qf3 f5 14. Ng3 Qf6 15. Be3 f4 16. Ne4 Qg6 17. Bxb6 Bg4 18. Nf6+ Rxf6 19.
Qxb7 Re8 20. Bxc7 Bh3 21. Rfe1 Rf7 22. Rxa7 Rxc7 23. Qd5+ Be6 24. Qa5 Rxa7 25.
Qxa7 Bd5 26. g3 Qh5 27. h4 Qf3 28. Kf1 Qg2+ 29. Ke2 Bf3+ 30. Kd2 fxg3 31. Qe3
gxf2 32. Rf1 Qxf1 0-1

[Event "17e tournoi de Noël"]
[Site "Montigny le Bretonneux"]
[Date "2016.12.30"]
[Round "7.16"]
[White "Ider, Bayar"]
[Black "Alif, Yassine"]
[Result "0-1"]
[WhiteElo "1222"]
[BlackElo "1445"]
[Annotator "Rivier,Sylvain"]
[PlyCount "82"]
[EventDate "2016.??.??"]

{Gambit dame} 1. d4 d5 2. c4 e6 3. cxd5 exd5 4. Nc3 Nf6 5. Bg5 Be7 6. e3 c6 7.
Bd3 Nbd7 8. Nf3 Qc7 9. Rc1 Qb6 10. Qc2 h6 11. Bh4 O-O 12. O-O Qd8 13. Rfd1 Nh5
14. Bxe7 Qxe7 15. a3 Nhf6 16. Nd2 Re8 17. b4 Qd6 18. Na4 Ng4 19. Nf3 Ngf6 20.
Nc5 Nxc5 21. Qxc5 Qxc5 22. Rxc5 Bg4 23. h3 Bxf3 24. gxf3 a6 25. a4 Rec8 26.
Rdc1 Nd7 27. R5c3 Nb6 28. a5 Nd7 29. Bf5 Rd8 30. Rd3 g6 31. Bxd7 Rxd7 32. Re1
Re8 33. e4 Rde7 34. Rde3 Kg7 35. exd5 Rxe3 36. Rxe3 Rxe3 37. fxe3 cxd5 38. Kf2
f5 39. Kg3 Kf6 40. h4 Ke6 41. f4 h5 0-1

[Event "17e tournoi de Noël"]
[Site "Montigny le Bretonneux"]
[Date "2016.12.30"]
[Round "7.17"]
[White "Thomas, Robert"]
[Black "Sondermeijer, Damien"]
[Result "0-1"]
[WhiteElo "1348"]
[BlackElo "1009"]
[Annotator "Rivier,Sylvain"]
[PlyCount "82"]
[EventDate "2016.??.??"]

{Défense française, variante d'avance} 1. e4 e6 2. d4 d5 3. e5 c5 4. c3 Nc6 5.
Nf3 Bd7 6. a3 Qb6 7. Be2 Be7 8. O-O Rc8 9. dxc5 Bxc5 10. b4 Be7 11. Be3 Qc7 12.
Bf4 f6 13. Bg3 fxe5 14. Nd4 Nxd4 15. cxd4 Bd6 16. dxe5 Bxe5 17. Bxe5 Qxe5 18.
Nd2 Nf6 19. Re1 Qd6 20. h3 O-O 21. Bf3 Bb5 22. Nb3 b6 23. Nd4 Bd7 24. b5 e5 25.
Ne2 e4 26. Bg4 Bxg4 27. hxg4 Nxg4 28. Ng3 Qe6 29. Rf1 e3 30. f3 Qe5 31. Qe1 Nf6
32. f4 Qe6 33. Qe2 d4 34. Rad1 Rcd8 35. a4 Ne4 36. Nxe4 Qxe4 37. Qc4+ Kh8 38.
Rf3 Qd5 39. Qc7 Rd7 40. Qc2 d3 41. Qb2 e2 0-1

[Event "17e tournoi de Noël"]
[Site "Montigny le Bretonneux"]
[Date "2016.12.30"]
[Round "7.18"]
[White "Payot, Guillaume"]
[Black "Handichi, Abdelkader"]
[Result "0-1"]
[WhiteElo "1199"]
[BlackElo "1409"]
[Annotator "Rivier,Sylvain"]
[PlyCount "80"]
[EventDate "2016.??.??"]

{Partie du pion dame} 1. d4 d5 2. c4 e6 3. Bf4 Nf6 4. e3 c5 5. Nf3 Nbd7 6. Nc3
b6 7. Bd3 dxc4 8. Bxc4 Be7 9. Bb5 Bb7 10. h3 O-O 11. O-O a6 12. Ba4 b5 13. Bc2
Rc8 14. b3 cxd4 15. Nb1 Nh5 16. Qd3 Ndf6 17. Bg5 Be4 18. Qe2 d3 19. Qe1 dxc2
20. Nbd2 Bd3 21. g4 Bxf1 22. Qxf1 Ba3 23. Rc1 Bxc1 24. Qxc1 Qd5 25. Bxf6 Nxf6
26. g5 Ne4 27. Nxe4 Qxe4 28. Nd2 Qd3 29. Kg2 Rfd8 30. Nf3 Qd1 31. Qb2 c1=Q 32.
Qe5 Qc6 33. Qg3 Rd5 34. Kh2 Qd6 35. e4 Qxg3+ 36. Kxg3 Rd3 37. Kh4 Qxf3 38. g6
Qg2 39. gxh7+ Kxh7 40. Kh5 Rxh3# 0-1

[Event "17e tournoi de Noël"]
[Site "Montigny le Bretonneux"]
[Date "2016.12.30"]
[Round "7.19"]
[White "Chaintreau, Thomas"]
[Black "Chaintreau, Maxime"]
[Result "1-0"]
[WhiteElo "1099"]
[BlackElo "1110"]
[Annotator "Rivier,Sylvain"]
[PlyCount "85"]
[EventDate "2016.??.??"]

{Gambit dame, défense slave} 1. d4 Nf6 2. c4 c6 3. Bf4 d5 4. e3 Bg4 5. Ne2 Nbd7
6. h3 Bxe2 7. Bxe2 Qa5+ 8. Nc3 e6 9. O-O Bb4 10. Na4 Bd2 11. b3 Ne4 12. Bf3 Nc3
13. Nxc3 Bxc3 14. Rc1 Bb2 15. Rc2 Bc3 16. Qc1 Bb4 17. c5 O-O 18. Qb2 Ba3 19.
Qb1 h6 20. e4 Rfe8 21. Bd2 Qb5 22. Bc1 Bb4 23. a3 Ba5 24. b4 Bc7 25. Ra2 a5 26.
Be2 Qa4 27. bxa5 Reb8 28. Rb2 Ra7 29. exd5 exd5 30. Bg4 Nf6 31. Be2 Qxd4 32.
Be3 Qe5 33. g3 Nh5 34. Bxh5 Qxh5 35. h4 Qf3 36. Re1 Bxa5 37. Ree2 Bc3 38. Rbc2
Rxa3 39. Ra2 Rba8 40. Rxa3 Rxa3 41. Qc2 Ra1+ 42. Bc1 Bd4 43. Re8# 1-0